02088cam a2200493 4500003000900000005001700009020001500026035002700041035001800068035001800086041000700104044000700111082001500118100002500133245015200158264006100310300004500371505025000416526001000666526001000676526001000686526001000696526000800706526000800714526000800722526000800730526000800738526000800746526000800754630004900762650005500811650005200866650003000918700003100948700003300979942001401012949007301026859002301099910002201122596000601144999022101150980005501371952016801426PE-LiUPU20250731173413.0 a0849991250 a(Sirsi) i9780849991257 a(Sirsi) 46670 a(Sirsi) 46670 aen aus04a236.9bS981 aSwindoll, Charles R.14aThe road to armageddon /cCharles R. Swindoll, John F. Walvoord, J. Dwight Pentecost, and other members of the Dallas Theological Seminary faculty. 1aNashville, Tennessee :bThomas Nelson Publishers,c1999. a185 páginas :bilustraciones ;c23 cm.0 aPractical advice for perilous times -- The rapture: The next event on God's calendar -- The tribulation -- The antichrist: who is the Next World Ruler? -- Babylon: Iraq and the coming Middle East Crisis -- The second coming: What are we looking aSEG42 aSEG41 aSEG40 aSEG39 aP94 aP87 aP86 aP85 aP77 aP76 aP35 aBibliaxProfecíasxFin del mundoxSermones14aIglesia Evangélica Libre de AméricavSermones.14aFin del mundoxEnseñanza bíblicavSermones.14aSermoneszEstados Unidos.1 aWalvoord, John F.ecoaut.1 aPentecost, J. Dwightecoaut. 2ddccBOOK a236.9 S98i64274lCCODEBUL1mBULtLIBROo.STAFF. Colección General q64274 h236.9iS98 bjvclchd20120320 a1 aPGT 236.9 S98wDEWEYc53067i64274f2021-11-10g5lCCODEBUL1mBULp12.00r0sYtBOOKu2015-7-6xTEOLOGIAPP850COMPRAo.CIRCNOTE. No olvidar cambiar la fecha de devolución!!!!!!!o.STAFF. Colección Generald53067 81gALBERTO SANCHEZ Responsable de Automatización r2025-12-03 00:00:00i6l0o236.9 S98p64274te1v17.00w2015-07-06xPGyBKzinventario-2023-12-13102ddc50708GENfP85aBULbBULcGENd2015-07-06eCOMPRAg12.00